000 00685nam a2200205Ia 4500
003 IN-BaIIA
008 211028s9999 xx 000 0 eng d
020 _a0-12-460816-7
040 _cIIA Library
080 _a047.1:51
_bMET-16
245 0 _aMethods in computational physics: advances in research and applications
_bvol. 16, controlled fusion
_cedited by Killeen, John
260 _aNew York
_bAcademic Press
_c1976
300 _axiii, 450p.
650 _aControlled fusion
_93830
650 _aNASA Thesaurus
650 _aNuclear reactions
_92819
650 _aPlasma physics
_93732
700 _aKilleen, John, ed.
_99433
942 _cBK
999 _c5422
_d5422